000 00690nam a2200289Ia 4500
005 20260324120931.0
008 008 260324s9999 xx 000 0 eng d
020 _a9781315737492
037 _aEBOOK
040 _aCRL
040 _beng
040 _cCRL
041 _2eng
041 _aeng
084 _qCRL
100 _aAngela Ittel; Aiden Sisler
_91160540
245 0 _aSiblings in Adolescence
245 0 _bEmerging individuals, lasting bonds
260 _bTaylor and Francis
260 _c2014
365 _a
365 _b230
856 _uhttp://www.taylorfrancis.com/books/9781315737492
942 _cEBOOK
999 _c1752332
_d1752332